000
00325nam a2200133Ia 4500
008
150201s1986 xx 000 0 und d
082
_a
617.7
_b
O86S
100
_a
SMALL , ROBERT G.
245
_a
OPHTHALMOLOGY NOTES
260
_b
LIPPNCOTT
_a
PHILALDELPHIA
_c
1986
300
_a
192
650
_a
OPHTHALMOLOGY
942
_2
ddc
_c
BK
999
_c
2033
_d
2033